Statistics for Top 10 Most Liveable Cities in the World

Click here to take the quiz!

General Stats

  • This quiz has been taken 93 times
  • The average score is 5 of 10

Answer Stats

HintAnswer% Correct
7Sydney, Australia
76%
4Toronto, Canada
70%
3Vancouver, Canada
67%
1Melbourne, Australia
65%
2Vienna, Austria
53%
10Auckland, New Zealand
51%
9Perth, Australia
47%
8Helsinki, Finland
44%
5Adelaide, Australia
35%
6Calgary, Canada
33%

Score Distribution

Percentile by Number Answered

Percent of People with Each Score

Your Score History

You have not taken this quiz